Obras completas
Αποθηκεύτηκε σε:
| Κύριος συγγραφέας: | |
|---|---|
| Μορφή: | Βιβλίο |
| Γλώσσα: | Spanish |
| Δημοσίευση: |
Mexico :
Porrua,
1977
|
| Σειρά: | "Sepan cuantos--" ;
; 100 |
| Θέματα: | |
| Ετικέτες: |
Προσθήκη ετικέτας
Δεν υπάρχουν, Καταχωρήστε ετικέτα πρώτοι!
|
MARC
| LEADER | 00000cam a2200000 i 4500 | ||
|---|---|---|---|
| 001 | 1/19638 | ||
| 008 | 120516s1977 spa d | ||
| 035 | |l 10112502 | ||
| 040 | |a GR-MY-UA |b gre |e aacr | ||
| 041 | 0 | |a spa | |
| 082 | 0 | |a 861 |2 (22) | |
| 100 | 0 | |a Juana Ines de la Cruz, |c Sister, |d 1651-1695. | |
| 245 | 1 | 0 | |a Obras completas / |c Sor Juana Ines de la Cruz ; prologo de Francisco Monterde |
| 260 | |a Mexico : |b Porrua, |c 1977 | ||
| 300 | |a xxi, 941 σ.; |c 21 εκ. | ||
| 490 | 1 | |a Sepan cuantos |v ; 100 | |
| 650 | 0 | 0 | |a Mexican poetry |y 17th century. |
| 830 | 0 | |a "Sepan cuantos--" ; |v ; 100 | |
| 852 | |a INST |b SYROS |e 20120516 |h 861 JUA |p 005500010171 |q 005500010171 |t BK |y 0 | ||
| 901 | |a BIBL5-2012-1 | ||
| 909 | |a Ε |b 170053 | ||
| 970 | |a ΤΣΟΥΚΑΛΑ |b ΑΛΙΚΗ |z 2012/05/16 | ||